| 000 | 00525nam a22001817a 4500 | ||
|---|---|---|---|
| 005 | 20180621121024.0 | ||
| 010 | _aENG-123281 | ||
| 020 |
_c290.00 _a9789352832194 |
||
| 035 | _aEN-106813 | ||
| 037 | _bDBAD/PUB | ||
| 082 | _a000 | ||
| 100 | _aAggarwal, R. S. | ||
| 245 |
_aA modern approach to logical reasoning/ _cby R. S. Aggarwal |
||
| 260 |
_aNew Delhi _bS Chand Publishing _c2018 |
||
| 270 |
_aRam Nagar. _bNew Delhi _e110055 |
||
| 300 |
_avarious pagings _c26cm(pbk) |
||
| 942 |
_2ddc _cEN _mAGG _h000 |
||
| 999 |
_c152901 _d152901 |
||